00476 2200181 4500001002100000005001500021035002000036245004200056100001600098250000600114300003700120260004400157082001100201084001700212020001800229650003000247990001700277INLIS00000000000074520190219035503 a0010-02190000561 aPembesaran Ikan Gurame /cIr. Gusrina0 aIr. Gusrina a- aviii, 44 hlm. :bilus. ;c21 cm. aJakarta :bPT Musi Perkasa Utama,c2005 a639.31 a639.31 GUS p a979-651-141-X aPeternakan Ikan Air Tawar a02772/H/2018